000
00347nam a2200157Ia 4500
100
_a
Sadasivam/Sudha G
650
_a
Middleware
942
_c
BK
366
_f
25
654
_a
middleware
245
_a
Middleware and enterprise integration technologies
260
_b
Wiley India
_c
2010
082
_b
SAD
300
_a
403
546
_a
ENGLISH
999
_c
33977
_d
33977